000 01244nam a2200361 i 4500
001 57324
003 CO-BoRNBP
005 20250617085506.0
007 ta
008 231129t2023 ck a br ||| 00| j spa d
020 _a9789586657884
040 _aCO-BoRNBP
_bspa
_erda
_cCO-BoRNBP
041 1 _aspa
_heng
043 _as-ag---
084 _aA ROM13
100 1 _aRomero Mariño, Soledad
_eautora
_9838
245 1 0 _aSuper poderes animales
_cSoledad Romero Mariño ; ilustraciones de Sonia Pulido ; traducción Diana Novell
250 _aEdición especial
264 1 _aBogotá, Colombia
_bSiglo del Hombre Editores
_c2023
264 4 _c©2023
300 _a55 páginas
_bilustraciones a color
_c30 cm
336 _atexto
_btxt
_2rdacontent
337 _asin mediación
_bn
_2rdamedia
338 _avolumen
_bnc
_2rdacarrier
521 1 _aRecomendado para un público infantil a partir de los 6 años
650 1 0 _aÁlbumes infantiles españoles.
_2LEMB
_960312
650 1 7 _aLiteratura infantil española
_2LEMB
_9726
650 1 0 _aAutoras Españolas
_2LEMB
_960313
650 1 7 _aAnimales en la literatura
_2LEMB
_9853
700 1 _aPulido, Sonia
_eilustradora
_958624
700 1 _aNovell, Diana
_etraductora
_9884
942 _2loc
_cBKLITI
999 _c57324
_d57324